Federal rules of civil procedure : with selected statutes, cases and other materials 2009. (Record no. 4669)
[ view plain ]
| 000 -LEADER | |
|---|---|
| fixed length control field | 00844nam a22001457a 4500 |
| 020 ## - INTERNATIONAL STANDARD BOOK NUMBER | |
| ISBN | 0735579490 |
| 020 ## - INTERNATIONAL STANDARD BOOK NUMBER | |
| ISBN | 9780735579491 |
| 050 ## - CALL NUMBER | |
| Classification number | KF8820.A2 |
| Item number | Ye3 |
| 100 ## - AUTHOR | |
| Personal name | Yeazell, Stephen C. |
| 245 ## - TITLE | |
| Title | Federal rules of civil procedure : with selected statutes, cases and other materials 2009. |
| Statement of responsibility, etc | Yeazell, Stephen C. |
| 260 ## - PUBLICATION INFORMATION | |
| Name of publisher | Kluwer Law International, |
| Year of publication | 2009. |
| 300 ## - DESCRIPTION | |
| Number of Pages | xv,445p. |
| Accompanying material | 25cm. |
| 505 ## - FORMATTED CONTENTS NOTE | |
| Table of Content | Federal rules of civil procedure for the United States District Courts --<br/>Appendix of forms --<br/>Supplemental rules for admiralty or maritime claims and asset forfeiture actions --<br/>Selected Federal rules of appellate procedure --<br/>The Constitution of the United States --<br/>Selected provisions from United States Code, Title 28: Judiciary and Judicial Procedure --<br/>Supplementary cases, notes, and other materials. |
| 942 ## - ADDED ENTRY ELEMENTS (KOHA) | |
| Koha item type | Books |
| Withdrawn status | Lost status | Collection code | Home library | Current library | Shelving location | Date acquired | Full call number | Accession Number | Koha item type |
|---|---|---|---|---|---|---|---|---|---|
| Reference | Methodist University Law Library | Methodist University Law Library | General Stacks | KF8820.A2 Ye3 | 2430 | Reference |